000 00293nam a22001337a 4500
008 181218b xxu||||| |||| 00| 0 eng d
020 _a0070574669
041 _aeng
080 _a616.8-006
100 _a6
101 _aKAN
245 _aCancer & Nutrition
_cSimone, Ch. B
942 _2udc
_cBK
999 _c53389
_d53389